| 000 | 00548nam a2200133 a 4500 | ||
|---|---|---|---|
| 001 | 000040275 | ||
| 005 | 20201002034027.0 | ||
| 008 | 130821s1990 bg 000 0 spa d | ||
| 040 |
_aDO-SdBNP _bspa _cBNPHU |
||
| 111 | 2 |
_aConferencia regional sobre pobreza en América Latina y el Caribe _n(2: _d1990 : 20-23 nov. _cQuito) _966547 |
|
| 245 | 1 | 0 | _aSegunda conferencia regional sobre pobreza en América Latina y el Caribe. |
| 260 |
_aBogotá : _bPrograma de la Naciones Unidas para el Desarrollo (PNUD), _c1990. |
||
| 300 |
_a234 p. : _bil., gráf. ; _c23 cm. |
||
| 999 |
_c39765 _d39765 |
||